00627 a2200169 4500003000500000005001700005010001300022040000900035082001600044100002100060245008300081260004300164300003400207505016200241600002100403650003300424NUST20230126190917.0 a38031274 cNust a903.551,SOL aSolonevich, Ivan aEscape from Russia in chains /c Ivan Solonevich ; translated by Warren Harrow aWilliams and Norgate ltdbLondonc1938 a350 p.;b frontcportse22 cm aProletariat (Page-15), The Upper Crust (Page-79), The Spartaciad (Page-144), Youth in CAMP (Page-183), Clearance of Life (Page-222), The Escape (Page-278).  aSolonevich, Ivan aEscape from russia in chains